Barclays Bank plc v Savile Estates Ltd (Record no. 70607)
[ view plain ]
| 000 -LEADER | |
|---|---|
| fixed length control field | 01574cam a2200241 4500 |
| 001 - CONTROL NUMBER | |
| control field | ABS65637 |
| 008 - FIXED-LENGTH DATA ELEMENTS--GENERAL INFORMATION | |
| fixed length control field | 020627n2002 000 0 eng u |
| 035 ## - SYSTEM CONTROL NUMBER | |
| System control number | (Sirsi) u118563 |
| 245 ## - TITLE STATEMENT | |
| Title | Barclays Bank plc v Savile Estates Ltd |
| 260 ## - PUBLICATION, DISTRIBUTION, ETC. | |
| Date of publication, distribution, etc. | 2002 |
| 490 ## - SERIES STATEMENT | |
| Series statement | Estates Gazette Law Reports |
| Volume/sequential designation | [2002] 24 EG 152-155(4) |
| 520 ## - SUMMARY, ETC. | |
| Summary, etc. | CA 12 April 2002. The appellant tenant (B) held a lease from the respondent landlord (S) of business premises for a term of 42 years from 1968. The lease provided for rent reviews every seven years. The rent review provisions were to be agreed before the quarter day before the rent review date, and in default of agreement to be assessed by a surveyor appointed by the president of the RICS. The review being argued was for 25 December 1996 and it not had been agreed by 29 September 1996. By 1 September 2000, S was sent a letter on behalf of B which required B to apply to the RICS president for the nomination of an independent expert to determine the rent. The letter stated time was to be of the essence regarding the 28 day time limit. It was initially held that the rent review provisions did not contain a time limit that was capable of being made of the essence. B appealed. "Held" the appeal was allowed. |
| 590 ## - LOCAL NOTE (RLIN) | |
| Local note | ABS |
| 650 ## - SUBJECT ADDED ENTRY--TOPICAL TERM | |
| Topical term or geographic name entry element | BARCLAYS BANK PLC V SAVILE ESTATES LTD |
| 650 ## - SUBJECT ADDED ENTRY--TOPICAL TERM | |
| Topical term or geographic name entry element | RENT REVIEWS |
| 650 ## - SUBJECT ADDED ENTRY--TOPICAL TERM | |
| Topical term or geographic name entry element | TIME OF THE ESSENCE |
| 650 ## - SUBJECT ADDED ENTRY--TOPICAL TERM | |
| Topical term or geographic name entry element | TIME LIMITS |
| 650 ## - SUBJECT ADDED ENTRY--TOPICAL TERM | |
| Topical term or geographic name entry element | RICS |
| 650 ## - SUBJECT ADDED ENTRY--TOPICAL TERM | |
| Topical term or geographic name entry element | INDEPENDENT EXPERTS |
| 650 ## - SUBJECT ADDED ENTRY--TOPICAL TERM | |
| Topical term or geographic name entry element | RENT DETERMINATION |
| 690 ## - LOCAL SUBJECT ADDED ENTRY--TOPICAL TERM (OCLC, RLIN) | |
| Topical term or geographic name as entry element | LANDLORD AND TENANT-RENT REVIEWS-CASE LAW |
| 942 ## - ADDED ENTRY ELEMENTS (KOHA) | |
| Suppress in OPAC | 0 |
| Withdrawn status | Lost status | Source of classification or shelving scheme | Damaged status | Not for loan | Home library | Current library | Shelving location | Date acquired | Total Checkouts | Full call number | Barcode | Date last seen | Copy number | Price effective from | Koha item type |
|---|---|---|---|---|---|---|---|---|---|---|---|---|---|---|---|
| Dewey Decimal Classification | London | London | Journal article | 27/06/2002 | ABS65637 | 118563-1001 | 06/08/2019 | 1 | 06/08/2019 | Law report |